| 000 | 00767cam a22002531 4500 | ||
|---|---|---|---|
| 001 | 3049 | ||
| 003 | BD-RjUL | ||
| 005 | 20211208233651.0 | ||
| 008 | 131218s1955 nyu b 001 0 eng | ||
| 035 | _a(BD-RjUL)3083 | ||
| 035 | _a(OCoLC)769221 | ||
| 040 |
_aDLC _cOYU _dOCoLC _dUk _dDLC _dBD-RjUL _beng |
||
| 041 | _aeng | ||
| 082 |
_a338.52 _bBEM |
||
| 100 | 1 |
_aBeckwith, Burnham P. _q(Burnham Putnam), _d1904- _99691 |
|
| 245 | 1 | 0 |
_aMarginal-cost price-output control; _ba critical history and restatement of the theory. |
| 260 |
_aNew York : _bColumbia University Press, _cc1955. |
||
| 300 |
_aviii, 283 p.; _c24 cm. |
||
| 504 | _aBibliography: p. 273-277 and index | ||
| 650 | 0 |
_aPrices. _99692 |
|
| 942 |
_2ddc _cBK |
||
| 999 |
_c3049 _d3049 |
||